Yuna In Every MV - Statistics

General Stats
  • This quiz has been taken 18 times
  • The average score is 19 of 25
Answer Stats
Picture Answer % Correct
Cake
100%
Cheshire
100%
Icy
100%
Loco
100%
Not Shy
100%
Dalla Dalla
94%
Sneakers
94%
Born To Be
88%
Wannabe
88%
Gold
76%
Gold
76%
Mr. Vampire
76%
Untouchable
76%
Bet On Me
71%
Boys Like You
71%
Imaginary Friend
71%
None of My Business
71%
Blah Blah Blah
65%
Mafia In The Morning
65%
Ringo
65%
Algorhythm
59%
Swipe
59%
#Twenty
59%
Yet, but
59%
Voltage
53%
No matching quizzes found
Score Distribution
Percent of People with Each Score
Percentile by Number Answered
Your Score History
You have not taken this quiz